Simplified Pharmacology: (Record no. 802)
[ view plain ]
| 000 -LEADER | |
|---|---|
| Fixed length control field | 00568nam a2200205Ia 4500 |
| 003 - CONTROL NUMBER IDENTIFIER | |
| Control field | IIN |
| 005 - DATE AND TIME OF LATEST TRANSACTION | |
| Control field | 20240202144346.0 |
| 008 - FIXED-LENGTH DATA ELEMENTS--GENERAL INFORMATION | |
| Fixed length control field | 231217s9999 xx 000 0 und d |
| 020 ## - INTERNATIONAL STANDARD BOOK NUMBER / ISBN | |
| Price | Rs.395.00 |
| International Standard Book Number | 9788193538937 |
| 040 ## - CATALOGING SOURCE | |
| Original cataloging agency | IIN |
| Language of cataloging | English |
| 082 ## - DEWEY DECIMAL CLASSIFICATION NUMBER | |
| Classification number | 615.1 |
| Book Number | GAR |
| 100 1# - MAIN ENTRY--PERSONAL NAME | |
| Personal name | Garg, Gobind Rai |
| 245 1# - TITLE STATEMENT | |
| Title | Simplified Pharmacology: |
| Sub title | A Helping Aid for Exams |
| Statement of responsibility | Gobind Rai Garg and Sparsh Gupta |
| 250 ## - EDITION STATEMENT | |
| Edition statement | 2nd ed |
| 260 ## - IMPRINT | |
| Name of publisher | Ayush |
| Place of publication | New Delhi |
| Date of publication | 2019 |
| 300 ## - PHYSICAL DESCRIPTION | |
| Page / Vol. No | "xxii[1], 1-427 p." |
| 650 1# - SUBJECT ADDED ENTRY--TOPICAL TERM | |
| Topical term | Pharmacology |
| 700 1# - ADDED ENTRY--PERSONAL NAME | |
| Personal name | Gupta , Sparsh |
| 942 ## - ADDED ENTRY ELEMENTS (KOHA) | |
| Koha item type | Books |
| Withdrawn status | Lost status | Source of classification | Damaged status | Not for loan | Collection code | Home library | Current library | Date acquired | Price | Total Checkouts | Call number | Accession number | Date last seen | Price effective from | Koha item type |
|---|---|---|---|---|---|---|---|---|---|---|---|---|---|---|---|
| Dewey Decimal Classification | IDEAL INSTITUTE OF NURSING | IDEAL INSTITUTE OF NURSING | 17/12/2023 | 395.00 | 615.1 GAR | 797 | 17/12/2023 | 17/12/2023 | Books | ||||||
| Dewey Decimal Classification | IDEAL INSTITUTE OF NURSING | IDEAL INSTITUTE OF NURSING | 17/12/2023 | 395.00 | 615.1 GAR | 798 | 17/12/2023 | 17/12/2023 | Books | ||||||
| Dewey Decimal Classification | IDEAL INSTITUTE OF NURSING | IDEAL INSTITUTE OF NURSING | 17/12/2023 | 395.00 | 615.1 GAR | 799 | 17/12/2023 | 17/12/2023 | Books | ||||||
| Dewey Decimal Classification | IDEAL INSTITUTE OF NURSING | IDEAL INSTITUTE OF NURSING | 17/12/2023 | 395.00 | 615.1 GAR | 800 | 17/12/2023 | 17/12/2023 | Books | ||||||
| Dewey Decimal Classification | IDEAL INSTITUTE OF NURSING | IDEAL INSTITUTE OF NURSING | 17/12/2023 | 395.00 | 615.1 GAR | 801 | 17/12/2023 | 17/12/2023 | Books |
